| 000 | 00349nam a22001457a 4500 | ||
|---|---|---|---|
| 999 |
_c7900 _d7900 |
||
| 003 | OSt | ||
| 005 | 20200601120332.0 | ||
| 008 | 200601b ||||| |||| 00| 0 eng d | ||
| 020 | _a9788415123378 | ||
| 082 |
_a941 _bBAS |
||
| 100 | _a Basheer Graphic Group | ||
| 245 | _aCreative Calendars | ||
| 260 |
_aSpain _bLinks International _c2011 |
||
| 942 | _2ddc | ||